000 00467nam a2200193Ia 4500
005 20240823012046.0
008 240823s9999||||xx |||||||||||||| ||und||
041 _aENGLISH
082 _A658.0072 P2
100 _a"Cooper,Donald"
245 0 _aBusiness Research Methods
250 _a6th
260 _c2002
_b"TMH,New Delhi"
500 _aYES
650 _aManagement
_bManagement Studies
700 _a" Schindler,Pamela S"
942 _cBK
999 _c163316
_d163316